แสดงรายละเอียดบรรณานุกรม
  กลับหน้าหลัก

Brief Record : Get Marc (ISO 2709) : E-mail record : QR code ปิดหน้าต่าง
LEADER 00000nama 2200000uu 4500
008    040531s|||| th m m a000 0 tha d
041    tha
050    อ RT ร451 2550
100    เครือข่ายวิทยาลัยสังกัดสถาบันพระบรมราชชนนก ภาคตะวันออกเฉียงเหนือ.
245    รายงานสรุปผลการประเมินคุณภาพการศึกษาภายใน วิทยาลัยพยาบาลบรมราชชนนี ขอนแก่น ประจำปีการศึกษา 2549 (1 มิถุนายน-31 พฤษภาคม 2550).
260    ขอนแก่น. วิทยาลัยพยาบาลบรมราชชนนี ขอนแก่น. 2550.
300    43 หน้า.
650    วิทยาลัยพยาบาลบรมราชชนนี ขอนแก่น--การประเมิน.
995    002
รายการนี้ยังไม่มีแท็ก
คุณยังไม่ได้ล็อกอิน คุณสามารถมีกิจกรรมร่วมกับเว็บไซต์ได้ แต่ต้องล็อกอินก่อน ::
  ล็อกอิน
ลำดับที่ ประเภท เลขเรียก สถานที่ สถานะ
1. หนังสือทั่วไป
หนังสือทั่วไป
อ RT ร451 2550  
  
หนังสือทั่วไป On Shelf
  ขอยืม
2. หนังสือทั่วไป
หนังสือทั่วไป
อ RT ร451 2550  
  
หนังสือทั่วไป On Shelf
  ขอยืม
3. หนังสือทั่วไป
หนังสือทั่วไป
อ RT ร451 2550  
  
หนังสือทั่วไป On Shelf
  ขอยืม
4. หนังสือทั่วไป
หนังสือทั่วไป
อ RT ร451 2550  
  
หนังสือทั่วไป On Shelf
  ขอยืม
5. หนังสือทั่วไป
หนังสือทั่วไป
อ RT ร451 2550  
  
หนังสือทั่วไป On Shelf
  ขอยืม
   [แสดง 5/5 รายการ]

BibComment


ยังไม่เคยถูกคอมเมนท์

คอมเมนท์ทรัพยากรรายการนี้
  คอมเมนท์: รายงานสรุปผลการปร..
Bib 196707

 
 
 

 Union Library Management : ULibM
Copyright 2026. All Rights Reserved.
скачать бесплатно без регистрации порно красивый секс HD Sex Hindi sex

xxx gou

xxxx

bfxxx

xxxwww

Секса Видео

xxxx

Секса Видео

detube

geilexxx

C99 Shell

worms shell

blod xxx video
Ebony Coed Rihanna Rimes Takes A Dick In Her Young Twat priyaa indian fuck anal and pusssy hardcore indian women xxx desi hardcore fucking part 1 bengalixxxcouple